[Event "Hessen-ch U14/18 Girls"]
[Site "Bad Homburg"]
[Date "2012.??.??"]
[Round "8"]
[White "Krausse, Vanessa"]
[Black "Fey, Maren"]
[Result "1-0"]
[WhiteElo "1278"]
[BlackElo "1158"]
[PlyCount "91"]
[EventDate "2012.04.??"]
[EventType "swiss"]
[EventRounds "9"]
[EventCountry "GER"]
[SourceTitle "EXT 2015"]
[Source "ChessBase"]
[SourceDate "2014.11.20"]
[SourceVersion "1"]
[SourceVersionDate "2014.11.20"]
[SourceQuality "1"]

1. e4 e5 2. Nf3 Nc6 3. d4 exd4 4. Nxd4 Qh4 5. Nxc6 Qxe4+ 6. Qe2 Qxe2+ 7. Bxe2 dxc6 8. 0-0 Bf5 9. Bf4 0-0-0 10. Bc4 f6 11. c3 Bd6 12. Bxd6 cxd6 13. Nd2 d5 14. Bb3 Ne7 15. Nf3 Rhe8 16. Nd4 Bd3 17. Rfd1 Bc4 18. Ne6 Rd7 19. Bxc4 dxc4 20. Rxd7 Kxd7 21. Nxg7 Rg8 22. Rd1+ Nd5 23. Nf5 Kc7 24. g3 Rd8 25. Re1 Nb6 26. Nd4 Kc8 27. Nf5 Na4 28. b3 cxb3 29. axb3 Nxc3 30. Re7 a5 31. Rxh7 b5 32. Ne7+ Kb7 33. Nd5+ Ka6 34. Nxc3 Rd3 35. Ne4 Kb6 36. Rb7+ Kxb7 37. Nc5+ Kb6 38. Nxd3 c5 39. Kf1 c4 40. bxc4 bxc4 41. Nb2 Kb5 42. Ke1 c3 43. Nd3 Kc4 44. Nc1 a4 45. Kd1 a3 46. h4 1-0